Diseño Urbano 2: (Record no. 21907)

MARC details
000 -CABECERA
campo de control de longitud fija 00665nam a2200229 4500
003 - IDENTIFICADOR DEL NÚMERO DE CONTROL
campo de control OSt
005 - FECHA Y HORA DE LA ÚLTIMA TRANSACCIÓN
campo de control 20260601193852.0
008 - DATOS DE LONGITUD FIJA--INFORMACIÓN GENERAL
campo de control de longitud fija 260507b1994 |||a|||| |||| 001 0 spa d
020 ## - NÚMERO INTERNACIONAL ESTÁNDAR DEL LIBRO
Número Internacional Estándar del Libro 968887258X
040 ## - FUENTE DE LA CATALOGACIÓN
Centro catalogador/agencia de origen ICI
Lengua de catalogación spa
Centro/agencia transcriptor ICI
050 ## - SIGNATURA TOPOGRÁFICA DE LA BIBLIOTECA DEL CONGRESO
Número de clasificación NA9050
Número de documento/Ítem D57 2002
100 #1 - ENTRADA PRINCIPAL--NOMBRE DE PERSONA
Nombre de persona Littlewood, Michell
245 #1 - MENCIÓN DE TÍTULO
Título Diseño Urbano 2:
Resto del título Pavimentos, rampas, escaleras y márgenes
264 ## - PRODUCCIÓN, PUBLICACIÓN, DISTRIBUCIÓN, FABRICACIÓN Y COPYRIGHT
Nombre del de productor, editor, distribuidor, fabricante Ediciones G. Gili, S.A. de C.V.
Fecha de producción, publicación, distribución, fabricación o copyright 1994
Producción, publicación, distribución, fabricación y copyright México
300 ## - DESCRIPCIÓN FÍSICA
Extensión 213 páginas
336 ## - TIPO DE CONTENIDO
Término de tipo de contenido texto
Fuente rdacontent
337 ## - TIPO DE MEDIO
Nombre/término del tipo de medio sin medio
Fuente rdamedia
338 ## - TIPO DE SOPORTE
Nombre/término del tipo de soporte volumen
Fuente rdacarrier
650 ## - PUNTO DE ACCESO ADICIONAL DE MATERIA--TÉRMINO DE MATERIA
Término de materia o nombre geográfico como elemento de entrada Ciudades y pueblos
Subdivisión general Desarrollo
650 ## - PUNTO DE ACCESO ADICIONAL DE MATERIA--TÉRMINO DE MATERIA
Término de materia o nombre geográfico como elemento de entrada Diseño urbano
9 (RLIN) 20844
942 ## - ELEMENTOS DE PUNTO DE ACCESO ADICIONAL (KOHA)
Fuente del sistema de clasificación o colocación Library of Congress Classification
Tipo de ítem Koha Libros
Suprimir en OPAC 1
Holdings
Estado de retiro Estado de pérdida Fuente del sistema de clasificación o colocación Estado dañado No para préstamo Localización permanente Ubicación/localización actual Fecha de adquisición Total de préstamos Signatura topográfica completa Código de barras Fecha visto por última vez Número de copia Precio válido a partir de Tipo de ítem Koha
El ejemplar forma parte de la colección y puede ser consultado según las políticas vigentes.   Library of Congress Classification     Biblioteca de Diseño Museo Franz Mayer Biblioteca de Diseño Museo Franz Mayer 07/05/2026   NA9050 D57 2002 BDIMFM000869 07/05/2026 EJ. 1 07/05/2026 Libros